Представление документа в формате RUSMARC

ПолеНазваниеЗначение
  Тип записи a
  Библиографический уровень m
001 Контрольный номер f44c5a9580f84905a86537f9444025dd
005 Дата корректировки 20260603143607.2
010 Индекс ISBN __
a ISBN 978-5-907079-57-1
100 Данные общей обработки __
a Данные общей обработки 20260602d2023 mk y0rusy028902 ca
101 Язык документа 0_
a Язык текста rus
102 Страна публикации __
a Страна публикации RU
105 Кодированные данные (монография) __
a Кодированные данные (монография) a z 000yy
181 Поле кодированных данных: вид содержания _0
a Код вида содержания (ISBD) i
182 Поле кодированных данных: тип средства _0
a Код типа средства (ISBD) n
200 Заглавие и сведения об ответственности 1_
a Заглавие Полный курс истории России для учителей, преподавателей и студентов
e Сведения, относящиеся к заглавию [в 4 книгах]
f Первые сведения об ответственности Е. Ю. Спицын
g Последующие сведения об ответственности [Московский государственный педагогический университет]
203 Вид содержания и тип средства __
a Вид содержания Текст
c Тип средства непосредственный
205 Сведения об издании __
a Основные сведения об издании Издание 3-е, исправленное и дополненное
210 Выходные данные 1_
a Место издания Москва
c Издательство Концептуал
d Дата издания 2023
300 Общие примечания __
a Общие примечания На переплете заглавие: Полный курс истории России
300 Общие примечания __
a Общие примечания На корешке заглавие: История России
330 Аннотация __
a Аннотация Предлагаемый четырёхтомный труд по истории России создавался более 15 лет и предназначен прежде всего учителям истории и преподавателям исторических факультетов. Он также представляет несомненный интерес для преподавателей, студентов и аспирантов гуманитарных вузов, старшеклассников и абитуриентов, а также для всех интересующихся прошлым нашего Отечества, дезориентированных существующей четверть века на книжном рынке и в интернете литературой сомнительного содержания и качества, с крайне субъективными оценками и вульгарной трактовкой исторических событий, не имеющей ничего общего с научной интерпретацией фактов.
333 Примечание о целевом назначении __
a Примечание о целевом назначении 16+. Для детей старше 16 лет
512 Заглавие обложки 1_
a Заглавие обложки Полный курс истории России
517 Другие варианты заглавия 1_
a Другие варианты заглавия История России
606 Тематические рубрики __
2 Код системы nlr_sh
a Основная рубрика История России
606 Тематические рубрики __
2 Код системы nlr_sh
a Основная рубрика История России в целом
y Географическая подрубрика Древняя Русь
y Географическая подрубрика Русское Царство
y Географическая подрубрика Российская империя
y Географическая подрубрика СССР
y Географическая подрубрика Российская Федерация
610 Ключевые слова 0_
a Ключевые слова история России
610 Ключевые слова 0_
a Ключевые слова историческая литература
610 Ключевые слова 0_
a Ключевые слова средневековая Русь
610 Ключевые слова 0_
a Ключевые слова древнерусская история
610 Ключевые слова 0_
a Ключевые слова империализм
610 Ключевые слова 0_
a Ключевые слова внутренняя политика
610 Ключевые слова 0_
a Ключевые слова русские цари
610 Ключевые слова 0_
a Ключевые слова русская культура
610 Ключевые слова 0_
a Ключевые слова царские династии
610 Ключевые слова 0_
a Ключевые слова история СССР
686 Индексы других классификаций __
2 Код системы rubbks
a Классификационный индекс 63.3(2)
700 Автор _1
a Фамилия Спицын
b Имя Е. Ю.
f Даты 1960-
g Полное личное имя Евгений Юрьевич
4 Код отношения 070
712 Наименование организации (Вторичная ответственность) 02
a Организация/ юрисдикция Московский государственный педагогический университет
801 Источник записи _0
a Страна RU
b Организация Муниципальное бюджетное учреждение культуры "Централизованная библиотечная система" г. Сургут (Центральная городская библиотека им. А. С. Пушкина)
c Дата составления 20260602
g Правила каталогизации PSBO
801 Источник записи _1
a Страна RU
b Организация Муниципальное бюджетное учреждение культуры "Централизованная библиотечная система" г. Сургут (Центральная городская библиотека им. А. С. Пушкина)
c Дата составления 20260602
g Правила каталогизации PSBO
852 Данные о местонахождении __
i Авторский знак С 72
j Шифр хранения 63.3(2)
901 Тип документа __
a Ответственный КиК/Обаева
t Тип документа v
901 Тип документа __
a Ответственный без партии
903 Характеристики (МАРС) __
a Дата передачи 20260602
c Наименование библиотеки (МАРС) Муниципальное бюджетное учреждение культуры "Централизованная библиотечная система" г. Сургут (Центральная городская библиотека им. А. С. Пушкина)
969 Тип издания __
a Тип издания научное издание